000 00815nam a2200241 a 4500
001 BRCA_4353
005 20190320204635.0
008 300410s1949----mx-a######---#000-0#spa-#
041 _aspa
044 _amx
050 4 _aQ23
_b.M46 7 1949
245 1 0 _aMemorias y revista de la Academia Nacional de Ciencias
_b(Antigua Sociedad Científica Antonio Alzate).
260 _aMéxico
_bAcademia Nacional de Ciencias
_c1949
300 _a370-599 p.
_bil.
_c24 cm.
500 _aTomo 56, Núm. 4, 1949
500 _aRevista inventariada por Banco de México como libro
500 _aVer también AA19, C30, H31, H56, Q141, Q142, Q144, S126, X9 y X39
500 _aQ143
650 1 4 _aCiencia
_vPublicaciones periódicas
_910791
710 2 _aAcademia Nacional de Ciencias
_910792
902 _aGFM
942 _2lcc
_cB
999 _c4064
_d4064